1文字名字の現役選手(2026) - Statistics

General Stats
  • This quiz has been taken 50 times
  • The average score is 31 of 47
Answer Stats
頭文字 現所属 ポジション 選手名 % Correct
中日 投手 森博人
95%
中日 内野手 森駿太
95%
広島 投手 森翔平
95%
オリックス 投手 森陽樹
95%
オリックス 捕手 森友哉
95%
ロッテ 投手 森遼大朗
95%
阪神 投手 西勇輝
90%
阪神 外野手 西純矢
90%
西武 外野手 林冠臣
90%
西武 外野手 林安可
90%
DeNA 内野手 林琢真
88%
巨人 投手 林燦
88%
広島 内野手 林晃汰
88%
楽天 投手 林優樹
88%
DeNA 投手 東克樹
80%
DeNA 内野手 牧秀悟
80%
ヤクルト 投手 星知弥
80%
オリックス 投手 東晃平
80%
中日 投手 柳裕也
75%
オリックス 内野手 宗佑磨
75%
楽天 投手 岸孝之
75%
西武 外野手 岸潤一郎
75%
中日 投手 福敬登
73%
巨人 外野手 丸佳浩
70%
日本ハム 投手 達孝太
70%
日本ハム 投手 堀瑞輝
68%
オリックス 捕手 堀柊那
68%
楽天 投手 宋家豪
68%
DeNA 外野手 濱将乃介
65%
広島 投手 髙太一
63%
ロッテ 外野手 岡大海
63%
オリックス 外野手 元謙太
60%
巨人 捕手 郡拓也
58%
ソフトバンク 投手 徐若熙
55%
広島 投手 辻大雅
53%
阪神 投手 畠世周
50%
楽天 内野手 陽柏翔
50%
日本ハム 投手 孫易磊
45%
巨人 投手 泉圭輔
43%
ソフトバンク 投手 張峻瑋
43%
楽天 投手 内星龍
43%
オリックス 投手 前佑囲斗
38%
楽天 投手 泰勝利
33%
オリックス 投手 陳睦衡
25%
オリックス 投手 乾健斗
20%
巨人 投手 黃錦豪
13%
楽天 投手 蕭齊
10%
No matching quizzes found
Score Distribution
Percent of People with Each Score
Percentile by Number Answered
Your Score History
You have not taken this quiz